[Event "Quebec op U2000"]
[Site "Montreal CAN"]
[Date "2012.07.24"]
[Round "5"]
[White "Perna-Fraser, David"]
[Black "Cote-Lalumiere, Tristan"]
[Result "1/2-1/2"]
[WhiteElo "1701"]
[BlackElo "1866"]
[PlyCount "52"]
[GameId "2160767909442364"]
[EventDate "2012.07.21"]
[EventType "swiss"]
[EventRounds "9"]
[EventCountry "CAN"]
[SourceTitle "EXT 2022"]
[Source "ChessBase"]
[SourceDate "2021.10.06"]
[SourceVersion "1"]
[SourceVersionDate "2021.10.06"]
[SourceQuality "1"]

1. d4 Nf6 2. c4 c5 3. d5 b5 4. cxb5 a6 5. bxa6 Bxa6 6. Nc3 d6 7. Nf3 g6 8. Nd2 Bg7 9. e4 Bxf1 10. Nxf1 O-O 11. Ne3 Qa5 12. O-O Nfd7 13. Qc2 Na6 14. Nc4 Nb4 15. Qe2 Qa6 16. Bf4 Bxc3 17. bxc3 Nxa2 18. Qd3 Nb6 19. Rxa2 Qxa2 20. Nxb6 Ra6 21. Nc4 Rb8 22. Ne3 Rb2 23. Qc4 Qxc4 24. Nxc4 Rc2 25. e5 dxe5 26. Nxe5 Rxc3 1/2-1/2

[Event "Quebec op U2000"]
[Site "Montreal CAN"]
[Date "2012.07.24"]
[Round "5"]
[White "Pilotte, Benoit"]
[Black "Yao, Houji"]
[Result "1-0"]
[WhiteElo "1823"]
[BlackElo "1885"]
[PlyCount "137"]
[GameId "2160767909442365"]
[EventDate "2012.07.21"]
[EventType "swiss"]
[EventRounds "9"]
[EventCountry "CAN"]
[SourceTitle "EXT 2022"]
[Source "ChessBase"]
[SourceDate "2021.10.06"]
[SourceVersion "1"]
[SourceVersionDate "2021.10.06"]
[SourceQuality "1"]

1. a3 Nf6 2. b3 b6 3. Bb2 Bb7 4. f4 e6 5. e3 Be7 6. Nf3 d6 7. Be2 O-O 8. O-O Nbd7 9. Qe1 Re8 10. Qg3 Nf8 11. d3 Ng6 12. Qh3 Nd5 13. Nfd2 Bf6 14. d4 c5 15. Ne4 cxd4 16. Nxf6+ Nxf6 17. Bxd4 e5 18. fxe5 dxe5 19. Bb2 Qc7 20. Qf5 Be4 21. Qf2 Qxc2 22. Bc4 Qxf2+ 23. Rxf2 Rad8 24. Nd2 Bc6 25. b4 b5 26. Ba2 Re7 27. Rc1 Bb7 28. h3 Rc8 29. Rxc8+ Bxc8 30. Nf3 Nd7 31. Ng5 Nh8 32. Rc2 Nb6 33. Rc5 h6 34. Nf3 Ng6 35. Nxe5 Nxe5 36. Bxe5 Rd7 37. Bd4 Ba6 38. Rc6 Bb7 39. Rc5 Ba6 40. Rc6 Bb7 41. Rg6 Nc4 42. Rxg7+ Kf8 43. Rh7 Be4 44. Rxh6 Ke7 45. a4 Bd5 46. axb5 Nxe3 47. Bc5+ Kd8 48. Bxd5 Nxd5 49. Ra6 Nc7 50. Rxa7 Nxb5 51. Rxd7+ Kxd7 52. Kf2 Ke6 53. Ke3 Nc7 54. Kd4 Nb5+ 55. Kc4 Na3+ 56. Kb3 Nb5 57. Ka4 Nc3+ 58. Ka5 Kd5 59. Bf8 Kc6 60. h4 Ne4 61. Ka6 Kc7 62. b5 Kb8 63. b6 f5 64. h5 f4 65. h6 f3 66. gxf3 Nc5+ 67. Bxc5 Ka8 68. h7 Kb8 69. h8=Q# 1-0

[Event "Quebec op U2000"]
[Site "Montreal CAN"]
[Date "2012.07.24"]
[Round "5"]
[White "Pregent, Daniel"]
[Black "Villeneuve, Benoit"]
[Result "0-1"]
[WhiteElo "1814"]
[BlackElo "1740"]
[PlyCount "78"]
[GameId "2160767909442366"]
[EventDate "2012.07.21"]
[EventType "swiss"]
[EventRounds "9"]
[EventCountry "CAN"]
[SourceTitle "EXT 2022"]
[Source "ChessBase"]
[SourceDate "2021.10.06"]
[SourceVersion "1"]
[SourceVersionDate "2021.10.06"]
[SourceQuality "1"]

1. d4 f5 2. c4 Nf6 3. Nc3 e6 4. e3 Be7 5. Nf3 d6 6. Bd3 O-O 7. O-O Qe8 8. e4 Qh5 9. exf5 exf5 10. Re1 Bd8 11. Bg5 Nc6 12. Re3 Ng4 13. Bxd8 Nxe3 14. fxe3 Nxd8 15. Nd5 Ne6 16. c5 Kh8 17. b4 c6 18. Ne7 d5 19. Qc2 Ng5 20. Ne5 Ne4 21. Rf1 Be6 22. Rf3 Ng5 23. Rf4 Rae8 24. Rh4 Qxh4 25. N5g6+ hxg6 26. Nxg6+ Kg8 27. Nxh4 Ne4 28. Be2 g5 29. Ng6 Rf6 30. Ne5 f4 31. exf4 Rxf4 32. Qc1 Kg7 33. Bf3 Ref8 34. a4 g4 35. Bxe4 dxe4 36. g3 R4f5 37. Qd1 Rf2 38. Qc1 e3 39. b5 Bd5 0-1

[Event "Quebec op U2000"]
[Site "Montreal CAN"]
[Date "2012.07.24"]
[Round "5"]
[White "Robichaud, Nicolas"]
[Black "Giroux, Robert"]
[Result "0-1"]
[WhiteElo "1145"]
[BlackElo "1845"]
[PlyCount "110"]
[GameId "2160767909442367"]
[EventDate "2012.07.21"]
[EventType "swiss"]
[EventRounds "9"]
[EventCountry "CAN"]
[SourceTitle "EXT 2022"]
[Source "ChessBase"]
[SourceDate "2021.10.06"]
[SourceVersion "1"]
[SourceVersionDate "2021.10.06"]
[SourceQuality "1"]

1. e4 c5 2. Nf3 Nc6 3. d4 cxd4 4. Nxd4 g6 5. Nc3 Bg7 6. Be3 Nf6 7. Qd2 Ng4 8. O-O-O Nxe3 9. Qxe3 Nxd4 10. Rxd4 Qb6 11. Rd3 Qxe3+ 12. Rxe3 Bh6 13. Kd2 d6 14. Nd5 Bxe3+ 15. Kxe3 Kd8 16. Bc4 e6 17. Nc3 Ke7 18. h4 h5 19. f4 Bd7 20. Rf1 Rac8 21. Kd4 b5 22. Bb3 b4 23. Nd1 a5 24. a4 bxa3 25. bxa3 a4 26. Bc4 Rc5 27. e5 Rhc8 28. exd6+ Kxd6 29. Ne3 Bb5 30. Bxb5 Rxb5 31. Rd1 Ke7 32. Ke4 Rc3 33. g4 hxg4 34. Nxg4 Rxc2 35. Rd4 Ra2 36. Ne5 Rxe5+ 37. fxe5 Rxa3 38. Rc4 Rh3 39. Rc7+ Kf8 40. Kf4 Rxh4+ 41. Kg5 Rh5+ 42. Kf4 Kg7 43. Ra7 Rf5+ 44. Ke4 g5 45. Ra5 Rf4+ 46. Ke3 Kg6 47. Ra7 Kf5 48. Rxf7+ Kxe5 49. Ra7 Rb4 50. Kd3 Rh4 51. Ke2 Kf5 52. Ra5+ e5 53. Kf2 Rd4 54. Kf3 g4+ 55. Ke3 Rf4 0-1

[Event "Quebec op U2000"]
[Site "Montreal CAN"]
[Date "2012.07.24"]
[Round "5"]
[White "Sarra-Bournet, Marc"]
[Black "Lelievre, Aldo"]
[Result "1/2-1/2"]
[WhiteElo "1883"]
[BlackElo "1497"]
[PlyCount "129"]
[GameId "2160767909442368"]
[EventDate "2012.07.21"]
[EventType "swiss"]
[EventRounds "9"]
[EventCountry "CAN"]
[SourceTitle "EXT 2022"]
[Source "ChessBase"]
[SourceDate "2021.10.06"]
[SourceVersion "1"]
[SourceVersionDate "2021.10.06"]
[SourceQuality "1"]

1. e4 c5 2. Nc3 Nc6 3. f4 d6 4. Nf3 Bg4 5. Bc4 e6 6. h3 Bxf3 7. Qxf3 a6 8. a4 Nd4 9. Qd3 g6 10. O-O Ne7 11. Ne2 Bg7 12. c3 Nxe2+ 13. Qxe2 O-O 14. d3 d5 15. Bb3 c4 16. Bc2 cxd3 17. Qxd3 Qb6+ 18. Kh1 Rad8 19. a5 Qc5 20. Be3 Qc8 21. Bb6 dxe4 22. Qxe4 Nf5 23. Qf3 Rd2 24. Rf2 Rxf2 25. Qxf2 Qc4 26. Rd1 Bh6 27. Bxf5 exf5 28. Rd4 Qc6 29. Qd2 Re8 30. Rd8 Qe6 31. g3 Bf8 32. Rxe8 Qxe8 33. Kg1 Qe4 34. b4 Qf3 35. Kh2 Qc6 36. h4 h5 37. Bd4 Qd5 38. Qe3 Qe4 39. Qf2 Bd6 40. Qg2 Kf8 41. Qf2 Ke8 42. Qd2 Qd5 43. Qe2+ Qe4 44. Qc4 Qe6 45. Qxe6+ fxe6 46. Kg2 Kd7 47. Kf3 Kc6 48. Ke3 Bc7 49. Kd3 Bd6 50. Bf6 b5 51. axb6 Kxb6 52. Bd8+ Kc6 53. Kd4 Bb8 54. c4 Ba7+ 55. c5 Bb8 56. Bf6 Kb5 57. Be5 Ba7 58. Kc3 a5 59. bxa5 Bxc5 60. a6 Kxa6 61. Bd4 Kb5 62. Kd3 Kb4 63. Bxc5+ Kxc5 64. Kc3 Kd5 65. Kd3 1/2-1/2

[Event "Quebec op U2000"]
[Site "Montreal CAN"]
[Date "2012.07.24"]
[Round "5"]
[White "Yip, William"]
[Black "Libersan, Mattieu"]
[Result "0-1"]
[WhiteElo "1561"]
[BlackElo "1882"]
[PlyCount "100"]
[GameId "2160767909442369"]
[EventDate "2012.07.21"]
[EventType "swiss"]
[EventRounds "9"]
[EventCountry "CAN"]
[SourceTitle "EXT 2022"]
[Source "ChessBase"]
[SourceDate "2021.10.06"]
[SourceVersion "1"]
[SourceVersionDate "2021.10.06"]
[SourceQuality "1"]

1. d4 d5 2. c4 c6 3. e3 Nf6 4. Nc3 e6 5. Nf3 Bd6 6. Bd3 Nbd7 7. O-O dxc4 8. Bxc4 b5 9. Bd3 O-O 10. e4 e5 11. d5 b4 12. dxc6 bxc3 13. cxd7 Qxd7 14. bxc3 Bb7 15. Qe2 Qc6 16. Re1 Qxc3 17. Bb2 Qc7 18. Rec1 Qe7 19. Rab1 Rab8 20. Nd2 Rfd8 21. Nc4 h6 22. h3 Rbc8 23. Nxd6 Qxd6 24. Rxc8 Bxc8 25. Rd1 Ba6 26. Bxe5 Bxd3 27. Bxd6 Bxe2 28. Rd2 Nxe4 29. Rxe2 Nxd6 30. Re7 a5 31. g4 g5 32. Kg2 Kg7 33. Re5 Nc4 34. Re4 Nd2 35. Ra4 Rd5 36. Kg3 Kf6 37. f4 Rd3+ 38. Kg2 gxf4 39. Rxf4+ Ke6 40. Rf5 Ra3 41. Rh5 Rxa2 42. Rxh6+ Ke7 43. h4 a4 44. g5 a3 45. Rh7 Kf8 46. Kg3 Rb2 47. h5 a2 48. Rh8+ Kg7 49. Ra8 Nb3 50. h6+ Kh7 0-1

[Event "Quebec op U2000"]
[Site "Montreal CAN"]
[Date "2012.07.24"]
[Round "5"]
[White "Zhang, John"]
[Black "Balogh, Alex"]
[Result "1-0"]
[WhiteElo "1725"]
[BlackElo "1862"]
[PlyCount "27"]
[GameId "2160767909442370"]
[EventDate "2012.07.21"]
[EventType "swiss"]
[EventRounds "9"]
[EventCountry "CAN"]
[SourceTitle "EXT 2022"]
[Source "ChessBase"]
[SourceDate "2021.10.06"]
[SourceVersion "1"]
[SourceVersionDate "2021.10.06"]
[SourceQuality "1"]

1. e4 d6 2. d4 Nf6 3. Nc3 g6 4. Be3 Bg7 5. h3 O-O 6. f4 b6 7. Nf3 Bb7 8. Bd3 c5 9. dxc5 dxc5 10. e5 Nd5 11. Qd2 Nxe3 12. Qxe3 Nc6 13. O-O-O a6 14. Bxg6 1-0

[Event "Quebec op U2000"]
[Site "Montreal CAN"]
[Date "2012.07.25"]
[Round "6"]
[White "Autotte, Daniel"]
[Black "Lelievre, Aldo"]
[Result "1-0"]
[WhiteElo "1796"]
[BlackElo "1497"]
[PlyCount "103"]
[GameId "2160767909442371"]
[EventDate "2012.07.21"]
[EventType "swiss"]
[EventRounds "9"]
[EventCountry "CAN"]
[SourceTitle "EXT 2022"]
[Source "ChessBase"]
[SourceDate "2021.10.06"]
[SourceVersion "1"]
[SourceVersionDate "2021.10.06"]
[SourceQuality "1"]

1. d4 Nf6 2. Nf3 d6 3. Bf4 g6 4. e3 Bg7 5. h3 O-O 6. Be2 Nbd7 7. O-O b6 8. Bh2 Bb7 9. Nbd2 c5 10. c3 a6 11. a4 Qe8 12. Qb3 Rb8 13. Rfd1 cxd4 14. exd4 e5 15. dxe5 dxe5 16. Nc4 Bd5 17. Qa3 Bxc4 18. Bxc4 Ra8 19. Re1 Qc8 20. Bf1 e4 21. Nd2 Re8 22. Nc4 Qc6 23. Rad1 Nd5 24. Qd6 Qxd6 25. Nxd6 N5f6 26. Nxe8 Rxe8 27. Bxa6 Nc5 28. Bb5 Rc8 29. Rd6 Ra8 30. Red1 Ne6 31. Rxb6 Bf8 32. Be5 Bc5 33. Rc6 Ne8 34. b4 Be7 35. Bc4 Nd8 36. Ra6 Rc8 37. Bb5 Nc7 38. Ra7 Nde6 39. Bxc7 Nxc7 40. Rd7 Nxb5 41. axb5 Bf6 42. Rdc7 Rd8 43. b6 Rd1+ 44. Kh2 Be5+ 45. g3 Rd2 46. Re7 Bxc3 47. Rxe4 Rxf2+ 48. Kg1 Rd2 49. b7 Rd1+ 50. Kf2 Rd2+ 51. Ke3 Rd8 52. Ra8 1-0

[Event "Quebec op U2000"]
[Site "Montreal CAN"]
[Date "2012.07.25"]
[Round "6"]
[White "Balogh, Alex"]
[Black "Moore, Ronald"]
[Result "1/2-1/2"]
[WhiteElo "1862"]
[BlackElo "1713"]
[PlyCount "80"]
[GameId "2160767909442372"]
[EventDate "2012.07.21"]
[EventType "swiss"]
[EventRounds "9"]
[EventCountry "CAN"]
[SourceTitle "EXT 2022"]
[Source "ChessBase"]
[SourceDate "2021.10.06"]
[SourceVersion "1"]
[SourceVersionDate "2021.10.06"]
[SourceQuality "1"]

1. Nf3 f5 2. g3 Nf6 3. Bg2 e6 4. d3 d5 5. Nbd2 Be7 6. c3 O-O 7. O-O Qe8 8. Qc2 h6 9. e4 Qh5 10. e5 Nh7 11. Nb3 Nd7 12. h3 Ng5 13. Nxg5 hxg5 14. d4 Kf7 15. f3 g6 16. Be3 b6 17. Rfe1 Ba6 18. Qf2 Rh8 19. Rad1 Kg7 20. Nc1 g4 21. f4 gxh3 22. Bf3 Qh6 23. Qd2 Rag8 24. g4 h2+ 25. Kh1 Qh3 26. Qg2 Qxg2+ 27. Kxg2 Rh7 28. g5 c5 29. Rh1 cxd4 30. Bxd4 Rgh8 31. b4 Rh4 32. Be2 Bxe2 33. Nxe2 Rg4+ 34. Kf2 Nb8 35. a3 Nc6 36. Rd3 Nxd4 37. Rxd4 Rh3 38. Rdd1 a5 39. Rd4 Bf8 40. Rdd1 Be7 1/2-1/2

[Event "Quebec op U2000"]
[Site "Montreal CAN"]
[Date "2012.07.25"]
[Round "6"]
[White "Benoit, Sebastien"]
[Black "Yip, William"]
[Result "1/2-1/2"]
[WhiteElo "1816"]
[BlackElo "1561"]
[PlyCount "101"]
[GameId "2160767909442373"]
[EventDate "2012.07.21"]
[EventType "swiss"]
[EventRounds "9"]
[EventCountry "CAN"]
[SourceTitle "EXT 2022"]
[Source "ChessBase"]
[SourceDate "2021.10.06"]
[SourceVersion "1"]
[SourceVersionDate "2021.10.06"]
[SourceQuality "1"]

1. e4 c5 2. Nf3 d6 3. d4 cxd4 4. Nxd4 Nf6 5. Nc3 Nc6 6. Be2 e5 7. Nb3 Be6 8. Be3 Be7 9. f3 O-O 10. Qd2 a5 11. Nd5 a4 12. Bb6 Qd7 13. Nc1 Bd8 14. Bxd8 Qxd8 15. Nxf6+ gxf6 16. c3 f5 17. O-O f4 18. Rd1 Qb6+ 19. Kh1 Rad8 20. Qc2 Qa7 21. Bd3 Ne7 22. Bb5 a3 23. c4 axb2 24. Qxb2 f5 25. Nb3 Kh8 26. Rxd6 Ng6 27. Rxe6 fxe4 28. Rxg6 hxg6 29. Qxe5+ Kg8 30. Nc5 exf3 31. gxf3 Qa3 32. Nb3 Rd3 33. Rg1 Qd6 34. Qe2 Re3 35. Qc2 Qd3 36. Qxd3 Rxd3 37. Kg2 Kg7 38. Re1 Rf7 39. Re2 g5 40. Nc5 Ra3 41. h3 b6 42. Ne4 Kh6 43. Rd2 Rfa7 44. Rd6+ Kg7 45. h4 g4 46. Rd7+ Rxd7 47. Bxd7 Rxa2+ 48. Kg1 g3 49. h5 Ra1+ 50. Kg2 Ra2+ 51. Kg1 1/2-1/2

[Event "Quebec op U2000"]
[Site "Montreal CAN"]
[Date "2012.07.25"]
[Round "6"]
[White "Brunet, Guy"]
[Black "Sarra-Bournet, Marc"]
[Result "0-1"]
[WhiteElo "1566"]
[BlackElo "1883"]
[PlyCount "194"]
[GameId "2160767909442374"]
[EventDate "2012.07.21"]
[EventType "swiss"]
[EventRounds "9"]
[EventCountry "CAN"]
[SourceTitle "EXT 2022"]
[Source "ChessBase"]
[SourceDate "2021.10.06"]
[SourceVersion "1"]
[SourceVersionDate "2021.10.06"]
[SourceQuality "1"]

1. d4 d5 2. Nf3 Nf6 3. Bf4 e6 4. e3 Be7 5. Bd3 O-O 6. O-O b6 7. Nbd2 Bb7 8. Qe2 Nbd7 9. e4 dxe4 10. Nxe4 Nd5 11. Bg3 N7f6 12. Nxf6+ Nxf6 13. c3 c5 14. dxc5 Bxc5 15. Bh4 Qd5 16. Bxf6 gxf6 17. Rfd1 Qh5 18. Be4 Bxe4 19. Qxe4 Rad8 20. Qc2 a5 21. Rd2 Rxd2 22. Qxd2 Kh8 23. Qf4 Qg6 24. Rd1 Rg8 25. Ne1 e5 26. Qf3 e4 27. Qf4 Re8 28. Nc2 Re5 29. Ne3 Qg5 30. Qxg5 fxg5 31. Rd5 Rxd5 32. Nxd5 f5 33. Kf1 Kg7 34. Ke2 Kf7 35. f3 exf3+ 36. Kxf3 Ke6 37. c4 Ke5 38. h3 Kd4 39. b3 Kd3 40. Nf6 h6 41. Ng8 Bf8 42. Nf6 Bg7 43. Nd5 Bd4 44. Ne7 f4 45. Nf5 h5 46. g3 fxg3 47. Nxg3 h4 48. Ne4 Be3 49. Nf6 Bc5 50. Ng4 Kc2 51. Ke2 Kc3 52. Nf6 Kb2 53. Kd3 Kxa2 54. Kc2 Be7 55. Ng4 Ka3 56. Ne3 a4 57. bxa4 Kxa4 58. Kd3 Kb3 59. Ng4 Bd6 60. Nf2 Bf4 61. Ng4 Kb4 62. Nf6 Kc5 63. Ng4 Kd6 64. Kd4 Ke6 65. Ke4 Bc1 66. Nf2 Bf4 67. Ng4 Bd6 68. Nf2 Bc5 69. Ng4 Bg1 70. Ne5 Bh2 71. Ng4 Bf4 72. Nf2 Kd6 73. Ng4 Kc5 74. Kd3 Kb4 75. Nf2 Kb3 76. Ng4 Kb2 77. Nf2 Kc1 78. Ng4 Kd1 79. Kd4 Kc2 80. Kd5 Kd3 81. Kc6 Kxc4 82. Kxb6 Kd4 83. Kc6 Ke4 84. Kc5 Kf3 85. Kd4 Kg3 86. Ke4 Kxh3 87. Kf3 Bc1 88. Nh6 Kh2 89. Kf2 Kh1 90. Ng4 h3 91. Kg3 h2 92. Nxh2 Bf4+ 93. Kh3 Bxh2 94. Kg4 Bf4 95. Kf3 Kh2 96. Kg4 Kg2 97. Kh5 Kh3 0-1

[Event "Quebec op U2000"]
[Site "Montreal CAN"]
[Date "2012.07.25"]
[Round "6"]
[White "Duplessis, Jean-Roch"]
[Black "Baran, Marius"]
[Result "0-1"]
[WhiteElo "1667"]
[BlackElo "1788"]
[PlyCount "38"]
[GameId "2160767909442375"]
[EventDate "2012.07.21"]
[EventType "swiss"]
[EventRounds "9"]
[EventCountry "CAN"]
[SourceTitle "EXT 2022"]
[Source "ChessBase"]
[SourceDate "2021.10.06"]
[SourceVersion "1"]
[SourceVersionDate "2021.10.06"]
[SourceQuality "1"]

1. e4 c5 2. Nf3 d6 3. d4 cxd4 4. Nxd4 Nf6 5. Nc3 g6 6. Be3 Bg7 7. Be2 Nc6 8. O-O O-O 9. Qd2 d5 10. exd5 Nb4 11. Bh6 Nbxd5 12. Bxg7 Kxg7 13. Bf3 Nxc3 14. Qxc3 Qb6 15. Rad1 Bd7 16. Qb3 Qc5 17. Bxb7 Rab8 18. Qf3 Bg4 19. Nb3 Qb6 0-1

[Event "Quebec op U2000"]
[Site "Montreal CAN"]
[Date "2012.07.25"]
[Round "6"]
[White "Isaev, Nikolay"]
[Black "Chevalier, Francois"]
[Result "0-1"]
[WhiteElo "1697"]
[BlackElo "1808"]
[PlyCount "152"]
[GameId "2160767909442376"]
[EventDate "2012.07.21"]
[EventType "swiss"]
[EventRounds "9"]
[EventCountry "CAN"]
[SourceTitle "EXT 2022"]
[Source "ChessBase"]
[SourceDate "2021.10.06"]
[SourceVersion "1"]
[SourceVersionDate "2021.10.06"]
[SourceQuality "1"]

1. e4 c5 2. Nf3 e6 3. d4 cxd4 4. Nxd4 a6 5. Nc3 Qc7 6. Be3 Nf6 7. f3 Bb4 8. Qd2 d5 9. Bd3 dxe4 10. Bxe4 Nxe4 11. fxe4 Bxc3 12. bxc3 Nd7 13. O-O O-O 14. Rf3 Ne5 15. Rg3 Nc4 16. Qe2 Nxe3 17. Qxe3 f6 18. Rf1 e5 19. Nf5 Bxf5 20. Rxf5 Rac8 21. Kh1 Kh8 22. Rf1 Rfd8 23. Rb1 Qc5 24. Qxc5 Rxc5 25. Kg1 b5 26. Kf1 h6 27. Ke2 Rc4 28. Re3 Kh7 29. a3 Rdc8 30. Kd2 R8c6 31. Rb4 R6c5 32. Rb3 g5 33. g4 Kg6 34. h3 h5 35. Ke2 hxg4 36. hxg4 Rc8 37. Kd2 Rh8 38. Rb4 Rhc8 39. Rb3 Ra4 40. Kd3 Rcc4 41. Rb4 Kf7 42. Rh3 Kg7 43. Rh2 a5 44. Rxb5 Rxe4 45. Rxa5 Rxg4 46. Rxa4 Rxa4 47. c4 Rxa3+ 48. Ke4 Ra5 49. Rd2 Rc5 50. Rd7+ Kf8 51. Kf5 Rc6 52. c3 Ke8 53. Rd5 Ke7 54. c5 Ra6 55. c4 Rc6 56. Ke4 Ke6 57. Kd3 f5 58. Kc3 f4 59. Kb4 f3 60. Kb5 Rc8 61. c6 g4 62. Kb6 g3 63. c7 f2 64. Kb7 Rxc7+ 65. Kxc7 f1=Q 66. Rd6+ Kf5 67. Rc6 g2 68. c5 g1=Q 69. Kb7 Qgg2 70. Kc7 Qxc6+ 71. Kxc6 Qc4 72. Kb6 e4 73. c6 e3 74. c7 Qxc7+ 75. Kxc7 e2 76. Kb8 e1=Q 0-1

[Event "Quebec op U2000"]
[Site "Montreal CAN"]
[Date "2012.07.25"]
[Round "6"]
[White "Johnson, Nicholas1"]
[Black "Pregent, Daniel"]
[Result "1-0"]
[WhiteElo "1725"]
[BlackElo "1814"]
[PlyCount "49"]
[GameId "2160767909442377"]
[EventDate "2012.07.21"]
[EventType "swiss"]
[EventRounds "9"]
[EventCountry "CAN"]
[SourceTitle "EXT 2022"]
[Source "ChessBase"]
[SourceDate "2021.10.06"]
[SourceVersion "1"]
[SourceVersionDate "2021.10.06"]
[SourceQuality "1"]

1. c4 c5 2. Nf3 Nc6 3. g3 e6 4. Bg2 Nf6 5. O-O Be7 6. Nc3 d5 7. cxd5 exd5 8. d4 Be6 9. b3 O-O 10. e3 Rc8 11. Bb2 b6 12. dxc5 bxc5 13. Ng5 h6 14. Nxe6 fxe6 15. Bh3 Qd7 16. Ne2 Ne4 17. Nf4 Ng5 18. Bg4 d4 19. h4 Rxf4 20. exf4 Nh7 21. Re1 Nd8 22. Qe2 Kf7 23. Qc4 Nf6 24. Bxe6+ Nxe6 25. f5 1-0

[Event "Quebec op U2000"]
[Site "Montreal CAN"]
[Date "2012.07.25"]
[Round "6"]
[White "Langlois-Remillard, Alexis"]
[Black "Noritsyn, Sergey"]
[Result "0-1"]
[WhiteElo "1783"]
[BlackElo "1723"]
[PlyCount "82"]
[GameId "2160767909442378"]
[EventDate "2012.07.21"]
[EventType "swiss"]
[EventRounds "9"]
[EventCountry "CAN"]
[SourceTitle "EXT 2022"]
[Source "ChessBase"]
[SourceDate "2021.10.06"]
[SourceVersion "1"]
[SourceVersionDate "2021.10.06"]
[SourceQuality "1"]

1. g3 d5 2. Bg2 Nf6 3. Nf3 Nc6 4. c4 e6 5. d4 Be7 6. O-O O-O 7. Nc3 dxc4 8. e4 Nb4 9. Ne5 c5 10. d5 exd5 11. exd5 Bf5 12. Bf4 Bd6 13. a3 Bxe5 14. Bxe5 Nd3 15. Bxf6 Qxf6 16. Qd2 Rfe8 17. h3 h5 18. Nb5 Qb6 19. Qg5 Bg6 20. a4 a6 21. Na3 Nxb2 22. Rfc1 Qb3 23. d6 Rad8 24. Qd5 b5 25. axb5 axb5 26. Qc6 b4 27. Nxc4 Nxc4 28. Bd5 Qb2 29. d7 Re7 30. Bxc4 Be4 31. Qxc5 Rexd7 32. Qe3 Bh7 33. Re1 Bg6 34. Qg5 Kh8 35. Ra2 Qc3 36. Rc1 Rd1+ 37. Rxd1 Rxd1+ 38. Bf1 Qd3 39. Ra8+ Kh7 40. Qd2 Qxf1+ 41. Kh2 Qh1# 0-1

[Event "Quebec op U2000"]
[Site "Montreal CAN"]
[Date "2012.07.25"]
[Round "6"]
[White "Libersan, Mattieu"]
[Black "Jureidini, Gabriel"]
[Result "1-0"]
[WhiteElo "1885"]
[BlackElo "1725"]
[PlyCount "115"]
[GameId "2160767909442379"]
[EventDate "2012.07.21"]
[EventType "swiss"]
[EventRounds "9"]
[EventCountry "CAN"]
[SourceTitle "EXT 2022"]
[Source "ChessBase"]
[SourceDate "2021.10.06"]
[SourceVersion "1"]
[SourceVersionDate "2021.10.06"]
[SourceQuality "1"]

1. e4 d6 2. d4 Nf6 3. Nc3 Nbd7 4. Nf3 e5 5. Bc4 Be7 6. Be3 O-O 7. O-O c6 8. a4 a5 9. h3 Qc7 10. Qd2 Nxe4 11. Nxe4 d5 12. Bxd5 cxd5 13. Nc3 Nb6 14. dxe5 Nc4 15. Nxd5 Nxd2 16. Nxc7 Nxf1 17. Rxf1 Rb8 18. Ba7 Bf5 19. Nd5 Rbe8 20. Nxe7+ Rxe7 21. Bc5 Rd7 22. Bxf8 Kxf8 23. c3 Bc2 24. Ra1 Rd1+ 25. Rxd1 Bxd1 26. Nd2 Bxa4 27. Nc4 Bc2 28. Nxa5 b5 29. Nb7 Ke7 30. f4 f6 31. exf6+ Kxf6 32. Nd6 Bd3 33. Kf2 Ke6 34. Nb7 Kd5 35. g3 Bb1 36. Ke3 g6 37. Nd8 Kc4 38. Kd2 Kd5 39. Ke3 h5 40. g4 Bc2 41. Nf7 Bd1 42. gxh5 Bxh5 43. Ne5 Ke6 44. b3 Kf5 45. c4 g5 46. Nd3 bxc4 47. bxc4 Be8 48. c5 Bc6 49. fxg5 Kxg5 50. Nf2 Bg2 51. Kd4 Kh4 52. Ke5 Kg3 53. Kd6 Kxf2 54. h4 Bf3 55. c6 Kg3 56. c7 Bg4 57. h5 Bf5 58. h6 1-0

[Event "Quebec op U2000"]
[Site "Montreal CAN"]
[Date "2012.07.25"]
[Round "6"]
[White "Mathews, Theo"]
[Black "Desmarais, Serge"]
[Result "1/2-1/2"]
[WhiteElo "1677"]
[BlackElo "1633"]
[PlyCount "110"]
[GameId "2160767909442380"]
[EventDate "2012.07.21"]
[EventType "swiss"]
[EventRounds "9"]
[EventCountry "CAN"]
[SourceTitle "EXT 2022"]
[Source "ChessBase"]
[SourceDate "2021.10.06"]
[SourceVersion "1"]
[SourceVersionDate "2021.10.06"]
[SourceQuality "1"]

1. d4 f5 2. Bg5 b6 3. e3 Bb7 4. Nf3 h6 5. Bh4 d6 6. Nc3 Nd7 7. Bd3 g6 8. g4 Ngf6 9. gxf5 g5 10. Bg3 Bg7 11. Rg1 Nf8 12. Qe2 Qd7 13. e4 e6 14. O-O-O O-O-O 15. e5 exf5 16. exf6 Bxf6 17. h3 Re8 18. Bxf5 Rxe2 19. Bxd7+ Nxd7 20. Nxe2 Bxf3 21. Rd2 Bxe2 22. Rxe2 Bxd4 23. Rge1 Be5 24. Bxe5 Nxe5 25. Re4 Rf8 26. Rf1 Rf3 27. Re3 Rf4 28. b3 Kd7 29. Kd1 Nf3 30. Ke2 Nd4+ 31. Kd3 Nf3 32. Rh1 Ne5+ 33. Ke2 Rh4 34. f3 Ng6 35. Kf2 Rf4 36. Re4 Rf5 37. Kg3 Rf7 38. Rhe1 Rf6 39. c4 a6 40. b4 c6 41. a4 d5 42. cxd5 cxd5 43. Rd4 Rd6 44. Kg4 Nf4 45. b5 a5 46. Re5 Rf6 47. Rf5 Rg6 48. Rd2 Ke6 49. Rf8 h5+ 50. Kg3 d4 51. h4 Ke5 52. hxg5 Rxg5+ 53. Kh2 d3 54. Rxf4 Kxf4 55. Rxd3 Rf5 1/2-1/2

[Event "Quebec op U2000"]
[Site "Montreal CAN"]
[Date "2012.07.25"]
[Round "6"]
[White "Nazarian, Arash"]
[Black "Dubreuil, Raymond"]
[Result "1-0"]
[WhiteElo "1379"]
[BlackElo "1502"]
[PlyCount "137"]
[GameId "2160767909442381"]
[EventDate "2012.07.21"]
[EventType "swiss"]
[EventRounds "9"]
[EventCountry "CAN"]
[SourceTitle "EXT 2022"]
[Source "ChessBase"]
[SourceDate "2021.10.06"]
[SourceVersion "1"]
[SourceVersionDate "2021.10.06"]
[SourceQuality "1"]

1. Nf3 Nf6 2. c4 g6 3. d4 d5 4. cxd5 Nxd5 5. Nc3 Nxc3 6. bxc3 c5 7. e4 Bg7 8. Bc4 O-O 9. O-O Nd7 10. Bb3 Qc7 11. Qe2 a6 12. a4 e6 13. Be3 b6 14. Ng5 Nf6 15. f3 h6 16. Nh3 Nd7 17. Nf4 cxd4 18. cxd4 Bxd4 19. Bxd4 Qxf4 20. Be3 Qh4 21. Bf2 Qe7 22. Rac1 Nc5 23. Rc3 Nxb3 24. Rxb3 b5 25. axb5 axb5 26. Rc1 Ba6 27. Qd2 Kh7 28. Bc5 Qd8 29. Rd3 Qe8 30. Bxf8 Qxf8 31. Rd7 b4 32. Rcc7 Kg8 33. Rxf7 Qxf7 34. Rxf7 Kxf7 35. Qd7+ Kf6 36. Qd4+ e5 37. Qd6+ Kg7 38. Qxe5+ Kh7 39. Qe7+ Kg8 40. Qxb4 Rc8 41. Qb3+ Bc4 42. Qc3 Be6 43. Qf6 Bf7 44. Kf2 Rc2+ 45. Kg3 Ra2 46. h4 h5 47. e5 Re2 48. Qd8+ Kg7 49. Qd4 Kg8 50. f4 Kh7 51. Qd8 Kg7 52. Qf6+ Kg8 53. Kf3 Re1 54. Qd8+ Kg7 55. Qd2 Rb1 56. Qe2 Rb3+ 57. Kf2 Rb6 58. Qe3 Rb2+ 59. Ke1 Rb1+ 60. Kd2 Be6 61. Qa7+ Kg8 62. Qe7 Bf5 63. e6 Rb2+ 64. Ke1 Rb1+ 65. Kf2 Rb2+ 66. Kg3 Re2 67. Qd8+ Kg7 68. e7 Re3+ 69. Kf2 1-0